Population of United States Cities Part 2 - Statistics

General Stats
  • This quiz has been taken 26 times
  • The average score is 28 of 100
Answer Stats
Population Rank Answer % Correct
175,437 135 Jackson, Mississippi
80%
194,822 120 Mobile, Alabama
80%
205,293 105 Montgomery, Alabama
80%
210,309 102 Richmond, Virginia
80%
209,525 103 Spokane, Washington
80%
153,552 158 Springfield, Massachusetts
80%
162,191 146 Springfield, Missouri
80%
202,010 108 Tacoma, Washington
80%
199,932 112 Aurora, Illinois
60%
131,686 190 Columbia, South Carolina
60%
157,986 154 Eugene, Oregon
60%
148,268 164 Joliet, Illinois
60%
182,200 128 Knoxville, Tennessee
60%
178,432 134 Providence, Rhode Island
60%
210,532 101 Rochester, New York
60%
157,429 155 Salem, Oregon
60%
159,908 149 Sioux Falls, South Dakota
60%
144,170 175 Syracuse, New York
60%
182,669 127 Worcester, Massachusetts
60%
198,449 115 Yonkers, New York
60%
198,549 114 Akron, Ohio
40%
197,872 117 Augusta, Georgia
40%
145,693 171 Cary, North Carolina
40%
128,119 197 Cedar Rapids, Iowa
40%
171,279 138 Chattanooga, Tennessee
40%
142,519 179 Clarksville, Tennessee
40%
198,413 116 Columbus, Georgia
40%
141,359 181 Dayton, Ohio
40%
194,478 122 Glendale, California
40%
190,411 123 Grand Rapids, Michigan
40%
196,537 118 Little Rock, Arkansas
40%
143,684 176 Naperville, Illinois
40%
130,741 191 New Haven, Connecticut
40%
178,919 133 Overland Park, Kansas
40%
138,547 184 Pasadena, California
40%
152,272 159 Pasadena, Texas
40%
159,789 150 Peoria, Arizona
40%
189,314 124 Salt Lake City, Utah
40%
186,971 125 Tallahassee, Florida
40%
166,842 144 Tempe, Arizona
40%
127,939 198 Topeka, Kansas
40%
127,018 200 Waco, Texas
40%
195,250 119 Amarillo, Texas
20%
146,425 168 Bridgeport, Connecticut
20%
180,097 131 Brownsville, Texas
20%
161,248 147 Cape Coral, Florida
20%
206,688 104 Des Moines, Iowa
20%
202,103 107 Fayetteville, North Carolina
20%
148,612 163 Fort Collins, Colorado
20%
128,176 196 Frisco, Texas
20%
138,574 183 Fullerton, California
20%
194,708 121 Huntington Beach, California
20%
147,268 166 Kansas City, Kansas
20%
134,654 187 Killeen, Texas
20%
134,719 186 McAllen, Texas
20%
143,223 177 McKinney, Texas
20%
128,729 194 Miramar, Florida
20%
203,547 106 Modesto, California
20%
199,552 113 Moreno Valley, California
20%
130,045 193 Olathe, Kansas
20%
201,555 111 Oxnard, California
20%
145,219 174 Paterson, New Jersey
20%
160,306 148 Pembroke Pines, Florida
20%
168,716 142 Port St. Lucie, Florida
20%
170,746 140 Rancho Cucamonga, California
20%
150,843 160 Rockford, Illinois
20%
179,013 132 Santa Clarita, California
20%
170,685 141 Santa Rosa, California
20%
201,867 109 Shreveport, Louisiana
20%
130,410 192 Sterling Heights, Michigan
20%
147,027 167 Torrance, California
20%
134,141 188 Warren, Michigan
20%
146,294 169 Alexandria, Virginia
0%
158,391 153 Corona, California
0%
159,038 152 Elk Grove, California
0%
147,575 165 Escondido, California
0%
201,812 110 Fontana, California
0%
170,747 139 Fort Lauderdale, Florida
0%
174,389 136 Garden Grove, California
0%
181,824 129 Grand Prairie, Texas
0%
136,836 185 Hampton, Virginia
0%
149,392 162 Hayward, California
0%
145,236 173 Hollywood, Florida
0%
183,739 126 Huntsville, Alabama
0%
145,516 172 Lakewood, Colorado
0%
159,055 151 Lancaster, California
0%
143,195 178 Mesquite, Texas
0%
180,726 130 Newport News, Virginia
0%
171,293 137 Oceanside, California
0%
167,211 143 Ontario, California
0%
139,419 182 Orange, California
0%
155,650 156 Palmdale, California
0%
150,812 161 Pomona, California
0%
154,484 157 Salinas, California
0%
142,022 180 Savannah, Georgia
0%
146,197 170 Sunnyvale, California
0%
128,412 195 Thousand Oaks, California
0%
165,489 145 Vancouver, Washington
0%
127,081 199 Visalia, California
0%
132,434 189 West Valley City, Utah
0%
No matching quizzes found
Score Distribution
Percent of People with Each Score
Percentile by Number Answered
Your Score History
You have not taken this quiz